000 00637nam a2200229Ia 4500
003 OSt
005 20221007080623.0
006 a|||||r|||| 00| 0
007 ta
008 221006b |||||||| |||| 00| 0 eng d
024 _a13,538
037 _cTextual
040 _aFLL
_cFLL
_beng
041 _2eng
_aeng
082 _aV73,3:(Z), J9
100 _aKarcher Joseph T. Au.
_9695077
245 0 _aHandbook on parliamentary law
260 _aNew Jersey
_b Citizens Research Foundation U.S.A.
_c1959
300 _a151p
_ccm.
942 _hV73,3:(Z), J9
_cTEXL
_2CC
999 _c1160315
_d1160315